999 art works = 999 Kunstwerke 999 šedevrov : you must know, you should know and you really impress if you know /

Gespeichert in:
Bibliographische Detailangaben
Hauptverfasser: Bertelli, Sara (VerfasserIn), Magistri, Mila (VerfasserIn)
Weitere Verfasser: Kreiner, Johanna (ÜbersetzerIn)
Format: Buch
Sprache:Englisch
Deutsch
Russisch
Veröffentlicht: Praha : Slovart, 2009
Ausgabe:[1st ed.]
Schlagworte:
ISBN:9788080859008
Online-Zugang: Volltext
Tags: Tag hinzufügen
Keine Tags, Fügen Sie den ersten Tag hinzu!

MARC

LEADER 00000nam a2200000 4500
003 SK-BrCVT
005 20220621163116.0
008 100428s2009 xr e ||||||eng d
020 |a 9788080859008 
035 |a CVTIDW1526008 
040 |b slo  |a CVTI SR  |e AACR2 
041 1 |a eng  |a ger  |a rus 
044 |a xr 
080 |a 75/76(091)  |2 UDC-MRF 
080 |a 73(091)  |2 UDC-MRF 
080 |a 904  |2 UDC-MRF 
100 1 |a Bertelli, Sara  |4 aut 
245 1 0 |a 999 art works =  |b 999 Kunstwerke 999 šedevrov : you must know, you should know and you really impress if you know /  |c Texts and pictures research: Sara Bertelli, Mila Magistri ; translation: Johanna Kreiner ... [et al.] 
250 |a [1st ed.] 
260 |a Praha :  |b Slovart,  |c 2009 
300 |a 669 s. :  |b fotogr. ; 
500 |a Nine hundred and ninety-nine art works 
653 1 |a umelecká pamiatka 
653 1 |a dejiny umenia 
653 1 |a sochárstvo 
653 1 |a maliarstvo 
653 1 |a výtvarné umenie 
700 1 |a Magistri, Mila  |4 aut 
700 1 |a Kreiner, Johanna  |4 trl 
910 |a BA002  |b A610744 
919 |a 978-80-8085-900-8 
974 |f Knihy 
992 |a AOP 
999 |c 154560  |d 154560